| 000 | 00466nam a22001577a 4500 | ||
|---|---|---|---|
| 003 | macl | ||
| 005 | 20190228131913.0 | ||
| 008 | 190228b xxu||||| |||| 00| 0 eng d | ||
| 040 | _cmacl | ||
| 082 | _a891.433/GAR/N | ||
| 100 |
_aमृदुला र्गग _970150 |
||
| 245 | _aकठगुलाब | ||
| 260 |
_aदिल्ली _bभारतीय ज्ञानपीठ _c2013 |
||
| 650 |
_aउपन्यास _973774 |
||
| 942 |
_2ddc _cHIN |
||
| 999 |
_c58974 _d58974 |
||